Central Library OPAC University of Rajshahi

Beijing : (Record no. 26586)

MARC details
000 -LEADER
fixed length control field 00767nam a2200253I 4500
001 - CONTROL NUMBER
control field 26586
003 - CONTROL NUMBER IDENTIFIER
rucl marc code BD-RjUL
005 - DATE AND TIME OF LATEST TRANSACTION
control field 20211209051034.0
008 - FIXED-LENGTH DATA ELEMENTS--GENERAL INFORMATION
fixed length control field 140323s1982 cc a b 000 0 fre d
035 ## - SYSTEM CONTROL NUMBER
System control number (BD-RjUL)26656
System control number (OCoLC)17724396
System control number GLIS00316347
040 ## - CATALOGING SOURCE
Original cataloging agency MYG
Transcribing agency MYG
Language of cataloging eng
041 ## - LANGUAGE CODE
Language code of text/sound track or separate title eng
082 00 - DEWEY DECIMAL CLASSIFICATION NUMBER
Classification number 951
Author mark and year JUB 1982
099 ## - LOCAL FREE-TEXT CALL NUMBER (OCLC)
Bangla Class number DS795.A4.L59 1982
100 1# - MAIN ENTRY--PERSONAL NAME
Personal name Liu, Junwen.
9 (RLIN) 81757
245 10 - TITLE STATEMENT
Title Beijing :
Remainder of title China's Ancient and Modern Capital /
Statement of responsibility, etc. Liu Junwen.
260 ## - PUBLICATION, DISTRIBUTION, ETC. (IMPRINT)
Place of publication, distribution, etc. Beijing :
Name of publisher, distributor, etc. Foreign Languages Press,
Date of publication, distribution, etc. 1982.
300 ## - PHYSICAL DESCRIPTION
Pagination 297 p., [28] p. of plates :
Illustrations ill. (some col., some fold.) ;
Size 18 cm.
504 ## - BIBLIOGRAPHY, ETC. NOTE
Bibliography, etc Includes bibliographical references.
651 #0 - SUBJECT ADDED ENTRY--GEOGRAPHIC NAME
Geographic name Beijing (China)
Form subdivision Guidebooks.
9 (RLIN) 81758
942 ## - ADDED ENTRY ELEMENTS (KOHA)
Source of classification or shelving scheme Dewey Decimal Classification
Koha item type Books
Holdings
Lost status Source of classification or shelving scheme Damaged status Not for loan Collection code Permanent Location Current Location Shelving location Date acquired Source of acquisition Total Checkouts Full call number Date last seen Copy number Koha item type
  Dewey Decimal Classification     Non-fiction Central Library, University of Rajshahi Central Library, University of Rajshahi   25/10/1984 Chinse foundation   951 JUB 1982 23/03/2014 C-2 Books
  Dewey Decimal Classification     Non-fiction Central Library, University of Rajshahi Central Library, University of Rajshahi   25/10/1984 Chinse foundation   951 JUB 1982 23/03/2014 C-3 Books
  Dewey Decimal Classification     Non-fiction Central Library, University of Rajshahi Central Library, University of Rajshahi   25/10/1984 Chinse foundation   951 JUB 1982 23/03/2014 C-4 Books
  Dewey Decimal Classification     Non-fiction Central Library, University of Rajshahi Central Library, University of Rajshahi   25/10/1984 Chinse foundation   951 JUB 1982 23/03/2014 C-5 Books
  Dewey Decimal Classification   Not For Loan Non-fiction Central Library, University of Rajshahi Central Library, University of Rajshahi Reading Room 12/06/1984 Chinse foundation   951 JUB 1982 09/02/2017 C-1 Books